Top Ten Biggest Cities In South America - Statistics

General Stats
  • This quiz has been taken 48 times
  • The average score is 8 of 10
Answer Stats
Hint Answer % Correct
7,800,000 People Bogota
96%
3,000,000 People Buenos Aires
96%
12,000,000 People Sao Paulo
96%
8,800,000 People Lima
94%
3,300,000 People Caracas
91%
5,500,000 People Santiago
91%
2,850,000 People Brasilia
79%
6,500,000 People Rio De Janeiro
79%
2,900,000 People Salvador
49%
2,500,000 People Fortaleza
32%
No matching quizzes found
Score Distribution
Percent of People with Each Score
Percentile by Number Answered
Your Score History
You have not taken this quiz